1869 1930 1577 1232 1673 1062 1727 1328 1493 1876 1891 1582 1772 1563 1610 1951 1076 1662 2000 1374 1543 1790 1986 1571 1330 1842 1651 1434 1771 1359 1769 1859 1190 1498 1414 1863 1308 1227 1770 1772 1245 1320 1035 1317 1751 1186 1987 1364 1566 1366 1734 1937 1882 1336 1962 1752 1720 1102 1826 1562 1096 1095 1794 1259 1321 1339 1856 1097 1440 1389 1540 1609 1212 1015 1130 1614 1326 1309 1168 1479 1194 1544 1094 1788 1074 1937 1317 1874 1255 1567 1466 1612 1891 1912 1490 1548 1209 1735 1734 BCNSPRNW ULIB Ver.6.0+V

เปลี่ยนเป็นภาษาไทย

Change to English
 แสดงรายละเอียดบรรณานุกรม
  กลับหน้าหลัก

Brief Record : Get Marc (ISO 2709) : E-mail record : QR code < ปิดหน้าต่าง
LEADER : 00000nam 2200000uu 4500
001    13399110135
003     ULIB
008    110422s2552||||th 000 0 tha d
024    9786160600359
090    นว^bม756a 2552
100 0  เมย์ 112
245 00 Aus-boyพิชิตรักร้ายล่าหัวใจยัยจอมดื้อ^cmay 112
260    กรุงเทพฯ:^bแจ่มใส,^c2552
300    173 หน้า
945    ^p139^l0^i029994
995    เกษร
999    ^aใช้งานได้ทุกระบบ
รายการนี้ยังไม่มีแท็ก
คุณยังไม่ได้ล็อกอิน คุณสามารถมีกิจกรรมร่วมกับเว็บไซต์ได้ แต่ต้องล็อกอินก่อน ::
  ล็อกอิน

รายการสื่อสารสนเทศ

ลำดับที่ ประเภท เลขเรียก/บาร์โค้ด สถานที่ สถานะ
1. วิทยาศาสตร์การแพทย์ และสุขภาพ
วิทยาศาสตร์การแพทย์ และสุขภาพ
นว ม756a 2552  
  Barcode: 029994
ห้องสมุดวิทยาเขตสวรรค์ประชารักษ์
►นวนิยาย
บนชั้น
  ขอยืม

รายการใกล้เคียง
    ผู้แต่ง [เมย์ 112]

BibComment


ยังไม่เคยถูกคอมเมนท์

คอมเมนท์ทรัพยากรรายการนี้
  คอมเมนท์: Ausboyพิชิตรักร้า..


 Copyright 2026. Bcnsprnw @Library